000
00294nam a2200109Ia 4500
008
230907s9999||||xx |||||||||||||| ||und||
082
_a
621.382
_b
RAD
100
_a
Nguyen, Cam.
_9
69548
245
0
_a
Radio-frequency integrated-circuit engineering /
300
_a
xviii, 859 pages :
942
_c
BK
999
_c
601109
_d
601109